Gaming Quiz

Random Gaming or Video Games Quiz

Dragon Age: Origins Quiz Stats

 Plays Quiz Updated Mar 9, 2020

     
Support Sporcle.
Go Orange.
Score 0/44 Timer 08:00
0 Plays Today
% Correct
Mage
94.1%
Warrior
93%
Rogue
86.7%
Morrigan
73.3%
Human Noble
71.8%
Alistair
70.4%
City Elf
69.8%
Magi
69.8%
Strength
68.9%
Dog
68.9%
Dwarf Noble
68%
Sten
66.8%
Leliana
65.7%
Dalish Elf
65.6%
Zevran
63.1%
Dexterity
61.4%
Wynne
61.1%
Dwarf Commoner
60.4%
Shale
57.6%
Oghren
56.8%
Magic
56.7%
Blood Mage
56.2%
% Correct
Templar
56.2%
Assassin
55.4%
Constitution
53.9%
Shapeshifter
49.6%
Bard
48.6%
Cunning
48.6%
Willpower
48%
Berserker
46.1%
Champion
45.2%
Trap-Making
44.1%
Duelist
44%
Ranger
43.7%
Arcane Warrior
43.3%
Spirit Healer
43.3%
Reaver
43.2%
Poison-Making
42.6%
Herbalism
35.8%
Combat Tactics
32%
Survival
31%
Coercion
29.9%
Stealing
28.4%
Combat Training
22.4%

From the Vault

TV Shows by Cushion

by PrincessMartell

Even couch potatoes like a little extra comfort.
Remove Ads.
Support Sporcle.
Get the best of Sporcle when you Go Orange. This ad-free experience offers more features, more stats, and more fun while also helping to support Sporcle. Thank you for becoming a member.

Show Comments

Extras

Top Quizzes Today


Score Distribution

Your Account Isn't Verified!

In order to create a playlist on Sporcle, you need to verify the email address you used during registration. Go to your Sporcle Settings to finish the process.

Report this User

Report this user for behavior that violates our Community Guidelines.

Details: